000 00714nam a2200241Ia 4500
003 OSt
005 20221005130436.0
006 a|||||r|||| 00| 0
007 ta
008 221004b |||||||| |||| 00| 0 eng d
024 _a32300
037 _cTextual
040 _aCRL
_cCRL
_beng
041 _2eng
_aeng
082 _aMK122:5y8r, J8
100 _aDevanesen D W.
_9638151
245 0 _aReport on culture-pearl experiments at the marine fisheries biological station , Krusadai Island, Gulf of manaar
260 _c1958
650 _aINDUSTRIAL ARTS
700 _a Chacko P. I.
_9295355
942 _hMK122:5y8r, J8
_cTEXL
_2cc
999 _c1057239
_d1057239